Principles of Hindu law : (Record no. 1162)
[ view plain ]
| 000 -LEADER | |
|---|---|
| fixed length control field | 00682nam a22002177a 4500 |
| 001 - CONTROL NUMBER | |
| control field | 9294 |
| 003 - CONTROL NUMBER IDENTIFIER | |
| control field | BD-DhUAP |
| 005 - DATE AND TIME OF LATEST TRANSACTION | |
| control field | 20210128114405.0 |
| 008 - FIXED-LENGTH DATA ELEMENTS--GENERAL INFORMATION | |
| fixed length control field | 200203s2005 ii ||||| |||| 001 0 eng d |
| 040 ## - CATALOGING SOURCE | |
| Original cataloging agency | BD-DhUAP |
| Language of cataloging | Eng |
| Transcribing agency | BD-DhUAP |
| Modifying agency | BD-DhUAP |
| 082 ## - DEWEY DECIMAL CLASSIFICATION NUMBER | |
| Edition number | 23 |
| Classification number | 349.54 JHA |
| 100 ## - MAIN ENTRY--PERSONAL NAME | |
| Personal name | Jhabvala, Noshirvan H. |
| 245 ## - TITLE STATEMENT | |
| Title | Principles of Hindu law : |
| Remainder of title | including the Special Marriage Act, 1954 / |
| Statement of responsibility, etc. | Noshirvan H. Jhabvala ; Edited by H. D. Pithawalla. |
| 250 ## - EDITION STATEMENT | |
| Edition statement | 20th rev. ed. |
| 260 ## - PUBLICATION, DISTRIBUTION, ETC. | |
| Place of publication, distribution, etc. | Mumbai : |
| Name of publisher, distributor, etc. | C. Jamnadas & co., |
| Date of publication, distribution, etc. | c2005. |
| 300 ## - PHYSICAL DESCRIPTION | |
| Extent | vii, 308 pages ; |
| Dimensions | 24 cm. |
| 500 ## - GENERAL NOTE | |
| General note | Includes index. |
| 650 ## - SUBJECT ADDED ENTRY--TOPICAL TERM | |
| Topical term or geographic name entry element | Hindu law |
| Geographic subdivision | India. |
| 700 ## - ADDED ENTRY--PERSONAL NAME | |
| Personal name | Pithawalla, H. D. |
| 942 ## - ADDED ENTRY ELEMENTS (KOHA) | |
| Source of classification or shelving scheme | |
| Koha item type | Book |
| Withdrawn status | Lost status | Source of classification or shelving scheme | Damaged status | Not for loan | Permanent Location | Current Location | Shelving location | Date acquired | Full call number | Barcode | Date last seen | Copy number | Price effective from | Koha item type | Total Checkouts | Date last checked out |
|---|---|---|---|---|---|---|---|---|---|---|---|---|---|---|---|---|
| UAP Central Library | UAP Central Library | General Stacks | 2020-02-03 | 349.54 JHA | 3010009294 | 2020-02-03 | 1 | 2020-02-03 | Book | |||||||
| UAP Central Library | UAP Central Library | General Stacks | 2020-02-03 | 349.54 JHA | 3010010609 | 2020-02-03 | 2 | 2020-02-03 | Book | |||||||
| UAP Central Library | UAP Central Library | General Stacks | 2020-02-03 | 349.54 JHA | 3010009292 | 2020-02-03 | 3 | 2020-02-03 | Book | |||||||
| UAP Central Library | UAP Central Library | General Stacks | 2020-02-03 | 349.54 JHA | 3010010608 | 2020-02-03 | 4 | 2020-02-03 | Book | |||||||
| UAP Central Library | UAP Central Library | General Stacks | 2020-02-03 | 349.54 JHA | 3010008922 | 2020-02-03 | 5 | 2020-02-03 | Book | |||||||
| UAP Central Library | UAP Central Library | General Stacks | 2020-02-03 | 349.54 JHA | 3010010611 | 2020-02-03 | 6 | 2020-02-03 | Book | |||||||
| UAP Central Library | UAP Central Library | General Stacks | 2020-02-03 | 349.54 JHA | 3010010612 | 2024-10-16 | 7 | 2020-02-03 | Book | 1 | 2024-10-03 | |||||
| UAP Central Library | UAP Central Library | General Stacks | 2020-12-28 | 349.54 JHA | 3010009293 | 2020-12-28 | 8 | 2020-12-28 | Book | |||||||
| UAP Central Library | UAP Central Library | Reserve Stacks | 2021-01-28 | 349.54 JHA | 3010014442 | 2021-01-28 | 9 | 2021-01-28 | Book | |||||||
| UAP Central Library | UAP Central Library | Reserve Stacks | 2021-01-28 | 349.54 JHA | 3010014443 | 2021-01-28 | 10 | 2021-01-28 | Book | |||||||
| UAP Central Library | UAP Central Library | Reserve Stacks | 2021-01-28 | 349.54 JHA | 3010014439 | 2021-01-28 | 11 | 2021-01-28 | Book | |||||||
| UAP Central Library | UAP Central Library | Reserve Stacks | 2021-01-28 | 349.54 JHA | 3010014441 | 2021-01-28 | 12 | 2021-01-28 | Book | |||||||
| UAP Central Library | UAP Central Library | Reserve Stacks | 2021-01-28 | 349.54 JHA | 3010014440 | 2021-01-28 | 13 | 2021-01-28 | Book |
Bengali Keyboard